=LDR 00000nam 2200000 4500 =001 INLIS000000000054683 =005 20200219101715 =035 ##$$a 0010-0220000245 =007 ta =008 200219###########################0#ind## =020 ##$$a 978-602-7820-70-8 =082 ##$$a 297.11 =084 ##$$a 297.11 Fah t =245 1#$$a Tadabbur Qur'an di akhir zaman : $b Membumikan kalam ilahi di zaman tak bertepi /$c Fahmi Salim =300 ##$$a 282 halaman : $b Ilustrasi ; $c 20 Cm. =650 #4$$a Ulumul Qur'an =700 #$$a Penyunting ; Irin Hidayat =504 ##$$a Bibliografi : halaman 277 - 278 =264 ##$$a Yogyakarta :$b Pro-U-Media,$c 2017 =336 ##$$a teks$2 rdacontent =337 ##$$a lain-lain$2 rdamedia =338 ##$$a lain-lain$2 rdacarrier =990 ##$$a 11621162 =990 ##$$a 11621162 =990 ##$$a 3202001162 =990 ##$$a 3202001163